000 00580nam a2200205 4500
003 OSt
005 20240624062806.0
006 a
008 240624b |||||||| |||| 00| 0 eng d
020 _a9789710391178
040 _aDWCL-Main lib.
_cOC
082 _aFil. 519.5 V864w 2012
100 _aVizcarra, Florante O.
245 _aWorktext in statistics /
260 _aQuezon City:
_bGreat Books Pub.,
_cc2012.
300 _aviii,
_b260 p. : ill. ;
_c22 cm.
504 _aIncludes bibliographical references.
650 _a1. Statistics.
942 _2ddc
_n0
_cBK - FIL
_kFil.
999 _c1231
_d1231